Normal view
MARC view
Entry Personal Name
001 - CONTROL NUMBER
- control field: 63145
003 - CONTROL NUMBER IDENTIFIER
- control field: dpl
005 - DATE AND TIME OF LATEST TRANSACTION
- control field: 20240312125918.0
008 - FIXED-LENGTH DATA ELEMENTS
- fixed length control field: 240312|| aca||aabn | a|a d
040 ## - CATALOGING SOURCE
- Original cataloging agency: dpl
- Transcribing agency: dpl
100 ## - HEADING--PERSONAL NAME
- Personal name: Ajeet Singh Meena
670 ## - SOURCE DATA FOUND
- Source citation: Work cat.: (dpl)201197: INDIA 2022/, 2022
